|
|
|
|
| LEADER |
00000cam a2200000 7i4500 |
| 001 |
0000068882 |
| 005 |
20220105105417.0 |
| 008 |
161217 |
| 020 |
|
|
|a 9679485153 (set)
|
| 020 |
|
|
|a 9679485218
|
| 090 |
0 |
0 |
|a FT
|b ENG
|
| 100 |
1 |
|
|a Md. Israry
|
| 245 |
1 |
0 |
|a Aladdin and the magician-1
|c Md. Israry; translated by Lim Ai Ling
|
| 260 |
|
|
|a Melaka :
|b AED (M) Sdn. Bhd. ,
|c 1997
|
| 300 |
|
|
|a 33pg. :
|b Col.ill
|
| 490 |
1 |
|
|a The tales of Aladdin series
|
| 500 |
|
|
|a Children ages 7-9 years old (orange)
|
| 650 |
|
0 |
|a Malay language
|x Readers
|x Translations into english
|
| 999 |
|
|
|a 0000796701
|b Book
|c Children Collection
|e Cawangan Segamat
|
| 999 |
|
|
|a 0000801179
|b Book
|c Children Collection
|e Cawangan Mersing
|
| 999 |
|
|
|a 0000801184
|b Book
|c Children Collection
|e Cawangan Pontian
|
| 999 |
|
|
|a 0000801187
|b Book
|c Children Collection
|e Cawangan Pontian
|
| 999 |
|
|
|a 0000816466
|b Book
|c Children Collection
|e Cawangan Mersing
|
| 999 |
|
|
|a 0000817756
|b Book
|c Children Collection
|e Cawangan Bandar Penawar
|
| 999 |
|
|
|a 0000830578
|b Book
|c Children Collection
|e Cawangan Pontian
|